Which Happened First? (WWI) Quiz Stats

 Plays Quiz Updated Mar 14, 2016

Challenge
Share
Tweet
Embed
Score 0/12 Timer 03:00
1 Play Today
A First to Occur % Correct
RMS Lusitania is sunk by U-20???
66.4%
David Lloyd George becomes British Prime Minister???
60.2%
Turkish War of Independence begins???
58.5%
Germany declares war on Russia???
58.2%
Battle of Jutland begins???
57.7%
First Battle of the Marne begins???
57%
Gallipoli Campaign begins???
53.5%
First Zeppelin raid on London ???
50.1%
Hungary signs the Treaty of Trianon???
49.7%
United States officially declares war on Germany???
48.1%
Russian Tsar Nicholas II executed???
41.9%
San Remo Conference begins???
38.9%

You're not logged in!

Compare scores with friends on all Sporcle quizzes.
Join for Free
OR
Log In

You Might Also Like...

Show Comments

Extras

Top Quizzes Today


Score Distribution

Your Account Isn't Verified!

In order to create a playlist on Sporcle, you need to verify the email address you used during registration. Go to your Sporcle Settings to finish the process.

Report this User

Report this user for behavior that violates our Community Guidelines.

Details: